Normal view MARC view
  • COMBUSTION IN PISTON ENGINES.COMBUSTION TECHNOLOGY IN PISTON ENGINES

Entry Topical Term

Number of records used in: 1

001 - CONTROL NUMBER

  • control field: 58677

003 - CONTROL NUMBER IDENTIFIER

  • control field: NUST

005 - DATE AND TIME OF LATEST TRANSACTION

  • control field: 20210628202206.0

008 - FIXED-LENGTH DATA ELEMENTS

  • fixed length control field: 210628|| aca||aabn | a|a d

040 ## - CATALOGING SOURCE

  • Original cataloging agency: NUST
  • Transcribing agency: NUST

150 ## - HEADING--TOPICAL TERM

  • Topical term or geographic name entry element: COMBUSTION IN PISTON ENGINES.COMBUSTION TECHNOLOGY IN PISTON ENGINES

670 ## - SOURCE DATA FOUND

  • Source citation: Work cat.: (NUST): Oppenheim , A . K 58676, Combustion in piston engines ,technology ,evolution, diagnoses and control, 2004
© 2023 Central Library, National University of Sciences and Technology. All Rights Reserved.